000 01031nam a2200277Ia 4500
003 OSt
005 20220923211218.0
006 a|||||r|||| 00| 0
007 ta
008 220922b |||||||| |||| 00| 0 hin d
020 _a9788126714803 (pbk)
_c250
024 _a324,672
037 _b355, 09/03/2018, Classic Book Service
_cTextual
040 _aARTS
_cARTS
_bhin
041 _2hin
_ahin
082 _a4,42, 152P8,1
100 _aकश्यप, श्याम, ले.
_9159733
245 0 _aटेलीविजन की कहानी
246 _aṬelīvijan kī kahānī
260 _aनयी दिल्ली
_b राजकमल प्रकाशन
_c2008
300 _a267पृ.
_ccm.
490 _aटीवी पत्रकारिता पुस्तक माला; 1
650 _aटेलीविज़न
_9159734
942 _h4,42, 152P8,1
_cTEXL
_2CC
999 _c296983
_d296983